[Event "SR 2. liga A 2006/2007"]
[Site "?"]
[Date "2006.11.25"]
[Round "3.3"]
[White "Petreje, Juraj"]
[Black "Kolar, Tomas"]
[Result "1-0"]
[WhiteElo "2157"]
[BlackElo "2042"]
[PlyCount "103"]
[EventDate "2006.??.??"]

1. d4 Nf6 2. Nf3 e6 3. Bg5 Be7 4. e3 b6 5. Bd3 Bb7 6. Qe2 Ne4 7. Bxe7 Qxe7 8.
O-O O-O 9. Ne1 e5 10. f3 Nf6 11. Nd2 exd4 12. exd4 Qxe2 13. Bxe2 Re8 14. Kf2 d5
15. Nd3 Nbd7 16. Rfe1 c5 17. Bf1 c4 18. Nf4 g5 19. Rxe8+ Rxe8 20. Ne2 Nf8 21.
b3 b5 22. b4 Ng6 23. a4 a6 24. axb5 axb5 25. Ra5 Bc6 26. Nb1 Nh4 27. Na3 Nf5
28. Ra6 Re6 29. Ra5 Ne3 30. Nc3 g4 31. Be2 h5 32. Ncxb5 Bxb5 33. Rxb5 Nxg2 34.
Bxc4 Nf4 35. Bf1 gxf3 36. Kxf3 Re4 37. c3 Ne6 38. Be2 Rf4+ 39. Ke3 Re4+ 40. Kf2
Nf4 41. Bf3 Nd3+ 42. Kg1 Re1+ 43. Kg2 Ra1 44. Ra5 Ne1+ 45. Kg3 h4+ 46. Kf4 Nxf3
47. Kxf3 Ra2 48. b5 Rxh2 49. b6 Rh3+ 50. Kf4 Kg7 51. b7 Nd7 52. Rxd5 1-0

[Event "SR 2. liga A 2006/2007"]
[Site "?"]
[Date "????.??.??"]
[Round "3.3"]
[White "Varga, David"]
[Black "Fabry, Robert"]
[Result "1-0"]
[WhiteElo "2184"]
[BlackElo "2213"]
[PlyCount "89"]
[EventDate "2006.??.??"]

1. e4 e5 2. Nf3 Nc6 3. Bb5 a6 4. Ba4 Nf6 5. Qe2 Be7 6. c3 O-O 7. O-O d6 8. Rd1
Bd7 9. Bc2 Re8 10. d3 Bf8 11. Bg5 h6 12. Bxf6 Qxf6 13. Nbd2 Rad8 14. Nf1 Bg4
15. Ne3 Bxf3 16. Qxf3 Qxf3 17. gxf3 Ne7 18. d4 Ng6 19. Ng2 Be7 20. a4 Bg5 21.
d5 Kf8 22. a5 Ke7 23. b4 Rc8 24. Ba4 Rf8 25. b5 axb5 26. Bxb5 Ra8 27. Rdb1 Ra7
28. Ra2 Rfa8 29. Rba1 Kd8 30. Ne1 Ne7 31. Nd3 c5 32. dxc6 bxc6 33. Bc4 Kc7 34.
Bxf7 Rf8 35. Bc4 Rxf3 36. Rb1 d5 37. Nxe5 Rxc3 38. exd5 Bf6 39. d6+ Kxd6 40.
Nf7+ Kc5 41. Be6 Ng6 42. a6 Nh4 43. Ra5+ Kd4 44. Rd1+ Ke4 45. Ra4+ 1-0

[Event "SR 2. liga A 2006/2007"]
[Site "?"]
[Date "2006.11.25"]
[Round "3.4"]
[White "Fraas, Martin"]
[Black "Syrovy, Ivan"]
[Result "1/2-1/2"]
[WhiteElo "2209"]
[BlackElo "2081"]
[PlyCount "64"]
[EventDate "2006.??.??"]
[TimeControl "240+2"]

{284MB, Fritz8.ctg, K48BB} 1. e4 e5 2. Nf3 d6 3. d4 Nd7 4. Bc4 c6 5. Nc3 Be7 6.
O-O Ngf6 7. Qe2 O-O 8. Rd1 Qc7 9. a4 b6 10. Bg5 a6 11. d5 c5 12. Nh4 Re8 13.
Nf5 Nf8 14. Qf3 Ng6 15. Ne2 Nd7 16. Nxe7+ Nxe7 17. Ng3 f6 18. Bc1 Nf8 19. Ra3
Qd7 20. Qe2 Qg4 21. f3 Qh4 22. Rb3 Nd7 23. Rf1 g5 24. Rf2 Rf8 25. Nf1 a5 26.
Kh1 Qh5 27. Bb5 Rb8 28. Ne3 Rd8 29. Bd2 Nf8 30. Nc4 f5 31. Nxb6 Rxb6 32. Bxa5
Rxb5 1/2-1/2

[Event "SR 2. liga A 2006/2007"]
[Site "?"]
[Date "????.??.??"]
[Round "3.4"]
[White "Janos, Jozef"]
[Black "Obdrzalkova, Anita"]
[Result "1-0"]
[WhiteElo "2235"]
[BlackElo "2058"]
[PlyCount "91"]
[EventDate "2006.??.??"]

1. e4 c5 2. Nf3 d6 3. d4 cxd4 4. Nxd4 Nf6 5. Nc3 a6 6. Bg5 e6 7. f4 Nbd7 8. Qf3
Be7 9. O-O-O Qc7 10. g4 b5 11. Bxf6 Bxf6 12. Bxb5 O-O 13. Bxd7 Bxd7 14. g5 Be7
15. h4 Rab8 16. f5 Qb7 17. f6 Bd8 18. b3 Ba5 19. fxg7 Rfc8 20. Nde2 Qc7 21. Kb2
Bb5 22. Nxb5 Qxc2+ 23. Ka1 axb5 24. Rhf1 Qc7 25. Rc1 Qa7 26. Qd3 Bb4 27. Kb1
Bc5 28. Rc2 Ba3 29. Nd4 Bc5 30. Nxb5 Qa6 31. a4 Ra8 32. Qf3 Qb7 33. h5 Bb4 34.
Rfc1 Rxc2 35. Rxc2 Rc8 36. Rxc8+ Qxc8 37. h6 Bd2 38. Qxf7+ Kxf7 39. Nxd6+ Kg8
40. Nxc8 Bxg5 41. a5 Bxh6 42. Kc2 Be3 43. Kd3 Bg1 44. b4 h5 45. Ke2 Kxg7 46. b5
1-0

[Event "SR 2. liga A 2006/2007"]
[Site "?"]
[Date "2006.11.25"]
[Round "3.4"]
[White "Samko, Karol"]
[Black "Bronis, Marian"]
[Result "1/2-1/2"]
[WhiteElo "2081"]
[BlackElo "2155"]
[PlyCount "37"]
[EventDate "2006.??.??"]

1. e4 c5 2. Nf3 e6 3. d3 Nc6 4. g3 g6 5. Bg2 Bg7 6. O-O Nge7 7. c3 O-O 8. Be3
b6 9. d4 d6 10. Re1 Ba6 11. Nbd2 Qd7 12. Nb3 Qc7 13. Qd2 Rac8 14. Bh6 Rfd8 15.
Bxg7 Kxg7 16. Rad1 Ng8 17. Qe3 Re8 18. e5 c4 19. Nbd2 1/2-1/2

[Event "SR 2. liga A 2006/2007"]
[Site "?"]
[Date "2006.11.25"]
[Round "3.5"]
[White "Kebis, Milos"]
[Black "Hricak, Vasil"]
[Result "0-1"]
[WhiteElo "2053"]
[BlackElo "2066"]
[PlyCount "82"]
[EventDate "2006.??.??"]

1. c4 e5 2. Nc3 Bb4 3. g3 Ne7 4. Bg2 O-O 5. Nf3 d6 6. O-O f5 7. a3 Bxc3 8. dxc3
f4 9. c5 fxg3 10. fxg3 e4 11. Ng5 d5 12. Qb3 Rxf1+ 13. Bxf1 h6 14. Nxe4 Kh8 15.
Nf2 Nd7 16. Nd3 c6 17. Bf4 Ng6 18. Qb4 Qe7 19. Re1 Nxf4 20. gxf4 Nf6 21. Qd4
Bf5 22. Qe5 Qd7 23. Qe3 Ng4 24. Qg3 Re8 25. Ne5 Nxe5 26. fxe5 Re6 27. Kf2 Qe7
28. b4 Rxe5 29. e3 Be4 30. Ke2 Rg5 31. Qf4 Rf5 32. Qg3 Qf6 33. Rc1 Rf3 34. Qg1
Qf5 35. Bg2 Bd3+ 36. Ke1 Qg6 37. Kd2 Rf6 38. Bh3 Qe4 39. Bg2 Qc4 40. Re1 Bf5
41. Rc1 Qa2+ 0-1

[Event "SR 2. liga A 2006/2007"]
[Site "?"]
[Date "????.??.??"]
[Round "3.5"]
[White "Peitl, Tomas"]
[Black "Slapak, Zdenek"]
[Result "0-1"]
[WhiteElo "1931"]
[BlackElo "2148"]
[PlyCount "96"]
[EventDate "2006.??.??"]

1. e4 c5 2. Nf3 Nc6 3. d4 cxd4 4. Nxd4 e5 5. Nb5 a6 6. Nd6+ Bxd6 7. Qxd6 Qf6 8.
Qd2 Qg6 9. f3 Nge7 10. Nc3 O-O 11. Bc4 b5 12. Bb3 Nd4 13. Nd5 Nxd5 14. Bxd5 Rb8
15. c3 Ne6 16. Qf2 Bb7 17. Be3 Bxd5 18. exd5 Nf4 19. Bxf4 exf4 20. O-O Rfe8 21.
Rfe1 Qf5 22. Rad1 d6 23. Qb6 g6 24. Qxd6 Rbd8 25. Rxe8+ Rxe8 26. Rc1 Re2 27.
Qxa6 Qxd5 28. Qc8+ Kg7 29. Rf1 Qd2 30. Qh3 Qxb2 31. g3 Qxc3 32. gxf4 Qe3+ 33.
Kh1 Qxf4 34. a3 Qd6 35. f4 Qd5+ 36. Kg1 Qd4+ 37. Kh1 Qe4+ 38. Qf3 Qc2 39. Qg3
f5 40. h3 Qd2 41. Qf3 Re3 42. Qg2 Qd3 43. Qb7+ Kh6 44. Rf2 Rxh3+ 45. Kg1 Qd1+
46. Rf1 Qg4+ 47. Kf2 Rh2+ 48. Ke3 Qe2+ 0-1

[Event "SR 2. liga A 2006/2007"]
[Site "?"]
[Date "2006.11.25"]
[Round "3.5"]
[White "Zacik, Anton"]
[Black "Djubek, Boris"]
[Result "1/2-1/2"]
[WhiteElo "2050"]
[BlackElo "2131"]
[PlyCount "95"]
[EventDate "2006.??.??"]
[TimeControl "240+2"]

{284MB, Fritz8.ctg, K48BB} 1. e4 e5 2. Nf3 Nc6 3. Bb5 a6 4. Bxc6 dxc6 5. O-O
Qd6 6. d4 exd4 7. Qxd4 Qxd4 8. Nxd4 Bd7 9. Be3 O-O-O 10. Nb3 b6 11. Nc3 Ne7 12.
Rad1 f5 13. e5 Ng6 14. f4 Be7 15. Nd2 Nf8 16. Nf3 Ne6 17. a3 h6 18. Nd4 Nxd4
19. Bxd4 Be6 20. Be3 Rde8 21. Rd2 g5 22. g3 Rhg8 23. Ne2 c5 24. b3 Kb7 25. Rb1
Rd8 26. Rbd1 Rxd2 27. Rxd2 a5 28. a4 c4 29. bxc4 Bxc4 30. Kf2 Kc8 31. Nd4 Bb4
32. Rd1 gxf4 33. gxf4 Bd5 34. Nxf5 Be4 35. Ng3 Bxc2 36. Rc1 Bxa4 37. Bxb6 c6
38. f5 Kb7 39. Be3 h5 40. f6 Bb3 41. Nf5 Rg4 42. Nd4 Bd5 43. Rg1 Rxg1 44. Kxg1
Bc3 45. Kf2 a4 46. e6 Bxd4 47. Bxd4 Bxe6 48. Bc5 1/2-1/2

[Event "SR 2. liga A 2006/2007"]
[Site "?"]
[Date "2006.11.25"]
[Round "3.6"]
[White "Bednar, Jan"]
[Black "Hecko, Dusan"]
[Result "1/2-1/2"]
[WhiteElo "2176"]
[BlackElo "2135"]
[PlyCount "117"]
[EventDate "2006.??.??"]

1. d4 Nf6 2. c4 g6 3. Nc3 d5 4. Nf3 Bg7 5. Bf4 O-O 6. e3 c5 7. dxc5 Qa5 8. cxd5
Nxd5 9. Be5 Bxe5 10. Nxe5 Nxc3 11. Qd2 Qxc5 12. Nd3 Ne4 13. Nxc5 Nxd2 14. Kxd2
Rd8+ 15. Ke1 b6 16. Be2 Nd7 17. Nd3 Bb7 18. f3 Rac8 19. Rc1 Rxc1+ 20. Nxc1 Nc5
21. b3 Kf8 22. h4 h6 23. g4 e5 24. Rh2 Ke7 25. Rf2 Bd5 26. Bd1 Rd6 27. Rd2 g5
28. hxg5 hxg5 29. Nd3 Nxd3+ 30. Rxd3 e4 31. Rd4 exf3 32. Kf2 Bc6 33. Bxf3 Rxd4
34. exd4 Kd6 35. Be2 Bd5 36. Ke3 Bc6 37. a3 a5 38. b4 axb4 39. axb4 Bd5 40. Kd3
Ke6 41. Ke3 f5 42. gxf5+ Kxf5 43. Bd3+ Ke6 44. Be2 Kd6 45. Bd1 Bc6 46. Be2 Bd7
47. Ke4 g4 48. Bc4 Bc6+ 49. Kf4 Bf3 50. Kg3 Bd5 51. Be2 Be6 52. Bd1 Bc8 53. Bb3
Be6 54. Bd1 Kc6 55. Kf4 Kd6 56. Bc2 Bc8 57. Bb3 Be6 58. Bd1 Bd7 59. Bb3 1/2-1/2

[Event "SR 2. liga A 2006/2007"]
[Site "?"]
[Date "2006.11.25"]
[Round "3.6"]
[White "Blazkova, Barbora"]
[Black "Flak, Juraj"]
[Result "1-0"]
[WhiteElo "1858"]
[BlackElo "2048"]
[PlyCount "78"]
[EventDate "2006.??.??"]

1. d4 Nf6 2. c4 e6 3. Nc3 c5 4. Nf3 b6 5. e3 Bb7 6. Be2 Be7 7. O-O O-O 8. b3 d6
9. Bb2 Nbd7 10. Qc2 a6 11. Nd2 cxd4 12. exd4 d5 13. Bf3 Qc7 14. Rac1 Rac8 15.
Qb1 Qf4 16. Rcd1 Rfd8 17. Ne2 Qb8 18. Rfe1 Bf8 19. Ng3 a5 20. Rc1 Qa7 21. Be2
a4 22. Ba1 Ba3 23. Bb2 Bb4 24. Bc3 Qa5 25. Bxb4 Qxb4 26. Qb2 dxc4 27. Nxc4 b5
28. Ne3 Nd5 29. Bf3 N7f6 30. Ne4 Nxe4 31. Bxe4 a3 32. Qa1 Qd6 33. Nxd5 Bxd5 34.
Bxd5 Qxd5 35. Rxc8 Rxc8 36. Rd1 b4 37. Qb1 g6 38. Qd3 Qd6 39. h3 Rc3 {time} 1-0

[Event "SR 2. liga A 2006/2007"]
[Site "?"]
[Date "2006.11.25"]
[Round "3.6"]
[White "Cibicek, Jozef"]
[Black "Skapik, Branislav"]
[Result "1-0"]
[WhiteElo "1994"]
[BlackElo "1800"]
[PlyCount "55"]
[EventDate "2006.??.??"]

1. e4 e5 2. d4 exd4 3. Qxd4 Nc6 4. Qe3 d6 5. Bc4 Nf6 6. Nc3 Be7 7. Bd2 O-O 8.
O-O-O Be6 9. Bxe6 fxe6 10. Qg3 Rf7 11. f4 Qf8 12. Qh3 e5 13. Nf3 exf4 14. Ng5
h6 15. Nxf7 Qxf7 16. Rhf1 Nb4 17. b3 a5 18. Rxf4 a4 19. Re1 axb3 20. axb3 Ra3
21. Nb5 Ra4 22. Nxc7 g5 23. Rff1 b5 24. Bxb4 Rxb4 25. Nd5 Rxe4 26. Qxh6 Rh4 27.
Nxe7+ Qxe7 28. Qxg5+ 1-0

[Event "SR 2. liga A 2006/2007"]
[Site "?"]
[Date "2006.11.25"]
[Round "3.6"]
[White "Fedor, Miroslav"]
[Black "Kleman, Miroslav"]
[Result "0-1"]
[WhiteElo "1801"]
[BlackElo "2120"]
[PlyCount "58"]
[EventDate "2006.??.??"]

1. d4 Nf6 2. c4 d6 3. Nf3 Nbd7 4. Nc3 e5 5. dxe5 dxe5 6. Bg5 h6 7. Bh4 c6 8. e3
Bb4 9. Qc2 Qa5 10. Rc1 Qxa2 11. Be2 Qa5 12. O-O O-O 13. Rfd1 Re8 14. Ne4 Nxe4
15. Qxe4 Nc5 16. Qc2 Qa4 17. b3 Qa5 18. Nxe5 Be6 19. Nf3 Rac8 20. Nd4 a6 21.
Nxe6 Nxe6 22. Bg4 Qe5 23. Bg3 Qg5 24. Bxe6 Rxe6 25. Rd7 b6 26. Rcd1 Bc5 27. Ra7
a5 28. Rdd7 Rxe3 29. fxe3 Qxe3+ 0-1

[Event "SR 2. liga A 2006/2007"]
[Site "?"]
[Date "2006.11.25"]
[Round "3.6"]
[White "Gasa, Andrej"]
[Black "Machalova, Veronika"]
[Result "1/2-1/2"]
[WhiteElo "2207"]
[BlackElo "2227"]
[PlyCount "86"]
[EventDate "2006.??.??"]

1. e4 c5 2. Nf3 d6 3. d4 cxd4 4. Nxd4 Nf6 5. Nc3 Nc6 6. Bg5 e6 7. Qd2 a6 8.
O-O-O h6 9. Bf4 Bd7 10. Nb3 e5 11. Be3 Rc8 12. f3 Na5 13. Nxa5 Qxa5 14. Kb1 Be6
15. g4 Nd7 16. Nd5 Qxd2 17. Rxd2 Bxd5 18. Rxd5 Rc6 19. b3 Be7 20. c4 Bg5 21.
Bf2 h5 22. gxh5 Rxh5 23. h4 Be7 24. Bh3 Nf6 25. Rdd1 g6 26. Bg4 Rh7 27. a4 Kf8
28. Kb2 Kg7 29. Rdg1 Nxg4 30. fxg4 Rc8 31. Rh3 Rch8 32. Rgh1 Bf6 33. b4 Rc8 34.
Kb3 Rch8 35. Be1 Be7 36. Bf2 Bf6 37. Bg3 Be7 38. R3h2 Rf8 39. Rf1 Bd8 40. g5 f5
41. gxf6+ Rxf6 42. Rxf6 Kxf6 43. Rd2 Be7 1/2-1/2

[Event "SR 2. liga A 2006/2007"]
[Site "?"]
[Date "2006.11.25"]
[Round "3.6"]
[White "Goga, Frantisek"]
[Black "Hanzluvka, Peter"]
[Result "1-0"]
[WhiteElo "2052"]
[BlackElo "2032"]
[PlyCount "93"]
[EventDate "2006.??.??"]

1. e4 c5 2. Nf3 d6 3. d4 cxd4 4. Nxd4 Nf6 5. Nc3 a6 6. Be2 e6 7. Be3 Be7 8. O-O
Qc7 9. f4 b5 10. Bf3 Bb7 11. e5 dxe5 12. fxe5 Nfd7 13. Bxb7 Qxb7 14. Qg4 g6 15.
Qf4 O-O 16. Ne4 Qc7 17. Nf3 Nc6 18. Qh6 f6 19. exf6 Bxf6 20. Nfg5 Bxg5 21. Nxg5
Nde5 22. Nxe6 Rxf1+ 23. Rxf1 Qe7 24. Bc5 Ng4 25. Rf8+ Rxf8 26. Qxf8+ Qxf8 27.
Nxf8 Nce5 28. Ne6 Nd7 29. b4 Nge5 30. Nc7 Nb8 31. Bd6 Nec6 32. Kf2 Kf7 33. Ke3
Nd8 34. Nxb5 axb5 35. Bxb8 Ke6 36. a3 Kd5 37. Kd3 Ne6 38. g3 h5 39. Bf4 Nd4 40.
h4 Ne6 41. c3 Ng7 42. a4 bxa4 43. c4+ Kc6 44. Kc3 Ne6 45. b5+ Kb6 46. Kb4 a3
47. Be3+ 1-0

[Event "SR 2. liga A 2006/2007"]
[Site "?"]
[Date "????.??.??"]
[Round "3.6"]
[White "Mikulas, Dusan"]
[Black "Kolesar, Rastislav"]
[Result "1-0"]
[WhiteElo "2167"]
[BlackElo "1907"]
[PlyCount "57"]
[EventDate "2006.??.??"]

1. e4 d5 2. exd5 Qxd5 3. Nc3 Qa5 4. d4 c6 5. Nf3 Nf6 6. Bd2 Qc7 7. Ne5 Bf5 8.
Bf4 Qd8 9. g4 Be4 10. Nxe4 Nxe4 11. Bg2 Nd6 12. Qe2 e6 13. O-O-O Be7 14. Bg3
Nd7 15. Kb1 O-O 16. c4 Rc8 17. c5 Ne8 18. Be4 Nef6 19. Bc2 Nd5 20. Qd3 g6 21.
a3 Bf6 22. Nc4 b5 23. Nd6 Ra8 24. h4 a5 25. h5 a4 26. hxg6 hxg6 27. Nb7 Qc8 28.
Bd6 Qxb7 29. Qh3 1-0

[Event "SR 2. liga A 2006/2007"]
[Site "?"]
[Date "2006.11.25"]
[Round "3.6"]
[White "Pagerka, Martin"]
[Black "Machalova, Erika"]
[Result "1-0"]
[WhiteElo "2004"]
[BlackElo "2162"]
[PlyCount "85"]
[EventDate "2006.??.??"]

1. e4 c5 2. Nf3 d6 3. d4 cxd4 4. Nxd4 Nf6 5. Nc3 a6 6. Be2 e5 7. Nb3 Be7 8. O-O
O-O 9. a4 b6 10. Be3 Nbd7 11. f3 Bb7 12. Rf2 Qc7 13. Bf1 Bc6 14. Rd2 Qb7 15.
Nc1 Nc5 16. Nd3 Nxd3 17. Bxd3 Rfd8 18. Bc4 b5 19. axb5 axb5 20. Rxa8 Rxa8 21.
Bb3 Nd7 22. Nd5 Bf8 23. Nb4 Ra5 24. Rxd6 Bxd6 25. Qxd6 Ra1+ 26. Kf2 Bxe4 27.
fxe4 Qxe4 28. Qxd7 Qh4+ 29. Ke2 Qe1+ 30. Kf3 e4+ 31. Kf4 Qh4+ 32. g4 Qxh2+ 33.
Kxe4 Qh1+ 34. Kd4 Ra8 35. Qxf7+ Kh8 36. Bd5 Qd1+ 37. Nd3 Rc8 38. Qe6 Qxc2 39.
Bh6 Qa4+ 40. Ke5 Rf8 41. Bxg7+ Kxg7 42. Qe7+ Kg6 43. Be4+ 1-0

[Event "SR 2. liga A 2006/2007"]
[Site "?"]
[Date "2006.11.25"]
[Round "3.6"]
[White "Polacik, Igor"]
[Black "Diviak, Rastislav"]
[Result "1/2-1/2"]
[WhiteElo "2118"]
[BlackElo "1960"]
[PlyCount "48"]
[EventDate "2006.??.??"]

1. e4 d6 2. c4 c5 3. Ne2 Nc6 4. d4 cxd4 5. Nxd4 g6 6. Nc3 Bg7 7. Be3 Nf6 8. Be2
O-O 9. O-O Bd7 10. Rc1 a6 11. Nxc6 Bxc6 12. f3 Rc8 13. Qd2 Re8 14. Rfd1 Qa5 15.
a3 Bd7 16. Bf1 Be6 17. Na2 Qxd2 18. Rxd2 Nd7 19. Nb4 Nc5 20. Rcc2 Nb3 21. Rf2
Nd4 22. Rcd2 Nb3 23. Rc2 Nd4 24. Rcd2 Nb3 1/2-1/2

[Event "SR 2. liga A 2006/2007"]
[Site "?"]
[Date "2006.11.25"]
[Round "3.6"]
[White "Prielozny, Marek"]
[Black "Povysil, Peter"]
[Result "1/2-1/2"]
[WhiteElo "1963"]
[BlackElo "2062"]
[PlyCount "50"]
[EventDate "2006.??.??"]

1. d4 d5 2. Nf3 e6 3. Bf4 Bd6 4. Ne5 Nf6 5. Nd2 Nfd7 6. e3 Bxe5 7. dxe5 c5 8.
c3 Nc6 9. Nf3 Qb6 10. Qd2 f6 11. exf6 Nxf6 12. Bd3 Bd7 13. h3 O-O-O 14. a4 Ne4
15. Qc2 g5 16. Bh2 Rhg8 17. a5 Nxa5 18. Bxe4 dxe4 19. Qxe4 Bb5 20. Qe5 Bd3 21.
Rxa5 Qxa5 22. Qxe6+ Rd7 23. Qxg8+ Rd8 24. Qe6+ Rd7 25. Qe8+ Rd8 1/2-1/2

[Event "SR 2. liga A 2006/2007"]
[Site "?"]
[Date "2006.11.25"]
[Round "3.6"]
[White "Sturc, Gustav"]
[Black "Beles, Milan"]
[Result "1-0"]
[WhiteElo "2103"]
[BlackElo "2094"]
[PlyCount "87"]
[EventDate "2006.??.??"]
[TimeControl "240+2"]

{284MB, Fritz8.ctg, K48BB} 1. e4 c5 2. c3 Nf6 3. e5 Nd5 4. d4 cxd4 5. Nf3 d6 6.
cxd4 Nc6 7. Nc3 dxe5 8. dxe5 Nxc3 9. Qxd8+ Kxd8 10. bxc3 Bg4 11. Bf4 Bxf3 12.
gxf3 e6 13. Bb5 Kc7 14. Ke2 Be7 15. Rhg1 g6 16. Rad1 Rhd8 17. Ba4 Rxd1 18. Rxd1
Rd8 19. Rxd8 Bxd8 20. Kd3 h5 21. Ke4 a6 22. Be3 Be7 23. f4 b5 24. Bd1 Na5 25.
Be2 Kc6 26. Bf3 Bc5 27. Kd3+ Kb6 28. Bd1 Nc4 29. Bb3 Bxe3 30. fxe3 Na5 31. Kd4
Nc6+ 32. Kd3 Kc5 33. e4 a5 34. a4 b4 35. Bc4 Ne7 36. Bb5 g5 37. fxg5 Ng6 38.
cxb4+ axb4 39. Kc2 Nxe5 40. Be2 h4 41. a5 Nc6 42. a6 Kb6 43. Kb2 e5 44. Bc4 1-0

[Event "SR 2. liga A 2006/2007"]
[Site "?"]
[Date "2006.11.25"]
[Round "3.7"]
[White "Dzavik, Jozef"]
[Black "Adamcik, Tomas"]
[Result "1/2-1/2"]
[WhiteElo "2065"]
[BlackElo "1968"]
[PlyCount "80"]
[EventDate "2006.??.??"]

1. e4 d5 2. exd5 Nf6 3. d4 Nxd5 4. Nf3 Bg4 5. Be2 e6 6. O-O Bd6 7. Ne5 Bxe2 8.
Qxe2 Nd7 9. c4 N5f6 10. Bg5 h6 11. Bh4 g5 12. Bg3 Qe7 13. Nc3 O-O-O 14. Nb5 Kb8
15. Nxd7+ Qxd7 16. Be5 Bxe5 17. dxe5 Ng8 18. Rfd1 Qe8 19. Rxd8+ Qxd8 20. Rd1
Qc8 21. Qe3 b6 22. Qf3 Ne7 23. Qxf7 Rd8 24. Rxd8 Qxd8 25. h3 a6 26. Nc3 Nc8 27.
Qxe6 Qd2 28. Qf5 Qxb2 29. Nd5 Qc1+ 30. Kh2 Qxc4 31. Qd7 Kb7 32. g3 h5 33. a3 h4
34. g4 Qc5 35. Qf7 b5 36. Qf3 Kb8 37. Kg2 a5 38. e6 Nd6 39. Nf6 Ka7 40. e7 Qb6
1/2-1/2

[Event "SR 2. liga A 2006/2007"]
[Site "?"]
[Date "????.??.??"]
[Round "3.7"]
[White "Gutdeutsch, Otto"]
[Black "Milanov, Jasen"]
[Result "0-1"]
[WhiteElo "2015"]
[BlackElo "2015"]
[PlyCount "138"]
[EventDate "2006.??.??"]

1. e4 e6 2. d4 d5 3. Nd2 dxe4 4. Nxe4 Nd7 5. Nf3 Ngf6 6. Ng3 c5 7. c3 cxd4 8.
Qxd4 Bc5 9. Qd1 O-O 10. Bd3 b6 11. O-O Bb7 12. Qc2 h6 13. Rd1 Qc7 14. Qe2 Rfe8
15. Bc2 Rad8 16. h3 Qxg3 17. b4 Bxf3 18. Qxf3 Qxf3 19. gxf3 Be7 20. Ba4 Nf8 21.
Bd2 N6d7 22. Kf1 Bf6 23. Rac1 Rc8 24. Ke2 Red8 25. c4 Ng6 26. Bb3 Ne7 27. Be3
Nf5 28. Ba4 Ne5 29. f4 Nxc4 30. Rxd8+ Bxd8 31. Bb5 Ncd6 32. Rxc8 Nxc8 33. a4
Be7 34. Ba6 Nfd6 35. f3 Kf8 36. Bd4 f6 37. Bc3 Ke8 38. Kd3 Kd7 39. Be1 Kc7 40.
Bf2 Nf5 41. Kc3 Bd6 42. Bc4 Kd7 43. Bb5+ Ke7 44. Ba6 Kd8 45. Bc4 Bxf4 46. Bxe6
Nfe7 47. Kc4 Nd6+ 48. Kb3 Kc7 49. b5 Nef5 50. Kc3 Be3 51. Be1 Bc5 52. Kd3 Nd4
53. Bd5 N6f5 54. Ke4 Kd6 55. Bc4 Ke7 56. Bd5 Nd6+ 57. Kd3 g5 58. Bc3 Ne6 59.
Bd2 Nf4+ 60. Bxf4 gxf4 61. Bb3 f5 62. Bd5 Kf6 63. Ke2 Ke5 64. Bb3 Kd4 65. Bc2
Kc3 66. Bd3 Kb4 67. Kd2 Kxa4 68. Kc3 Nxb5+ 69. Kc4 Nd4 0-1

[Event "SR 2. liga A 2006/2007"]
[Site "?"]
[Date "2006.11.25"]
[Round "3.7"]
[White "Srna, Jan"]
[Black "Oprea, Erik"]
[Result "0-1"]
[WhiteElo "2144"]
[BlackElo "2037"]
[PlyCount "124"]
[EventDate "2006.??.??"]
[TimeControl "240+2"]

{284MB, Fritz8.ctg, K48BB} 1. d4 d6 2. Nf3 c6 3. e3 Qc7 4. b3 g6 5. Bb2 Bg7 6.
Bd3 Nd7 7. c4 e5 8. O-O Ne7 9. Nc3 Nf6 10. Rc1 Bf5 11. e4 Bg4 12. d5 Nh5 13.
Be2 Nf4 14. Nd2 Bd7 15. Ndb1 h5 16. Ba3 c5 17. Nb5 Qb8 18. b4 a6 19. N5c3 b6
20. Re1 g5 21. Bf1 g4 22. Rc2 Neg6 23. bxc5 bxc5 24. Rb2 Qd8 25. Na4 Rb8 26.
Rxb8 Qxb8 27. Nbc3 Qd8 28. Qb3 O-O 29. Rb1 Nh4 30. Nb6 Be8 31. Bc1 Bh6 32. Qd1
Kh7 33. Ne2 Rg8 34. Ng3 Qf6 35. Kh1 Qd8 36. a4 Rg6 37. Bd2 Rf6 38. Qe1 Rg6 39.
Qd1 Qf6 40. Be3 Bg5 41. Qe1 Rh6 42. a5 Nfg6 43. Nc8 Bxe3 44. Qxe3 Nf4 45. Rb6
Qd8 46. Na7 Ba4 47. Nc6 Bxc6 48. dxc6 Qc8 49. Nf5 Nxf5 50. exf5 h4 51. Qe4 g3
52. fxg3 hxg3 53. h3 Rh5 54. Rb7 Kg7 55. Be2 Nxe2 56. Qg4+ Kh6 57. Rxf7 Rxh3+
58. Qxh3+ Kg5 59. Rg7+ Kf4 60. Qh5 Ke3 61. Rb7 Qg8 62. Rb2 Nd4 0-1

[Event "SR 2. liga A 2006/2007"]
[Site "?"]
[Date "2006.11.25"]
[Round "3.8"]
[White "Cambel, Vladimir"]
[Black "Navara, Vladimir"]
[Result "0-1"]
[WhiteElo "2049"]
[BlackElo "1890"]
[PlyCount "66"]
[EventDate "2006.??.??"]
[TimeControl "240+2"]

{284MB, Fritz8.ctg, K48BB} 1. Nf3 d5 2. d4 Nf6 3. c4 e6 4. Bg5 Be7 5. Nc3 c6 6.
e3 Nbd7 7. Bd3 h6 8. Bh4 O-O 9. O-O a6 10. a4 Qa5 11. Ne5 dxc4 12. Nxc4 Qd8 13.
Bc2 Nd5 14. Qd3 f5 15. Bxe7 Qxe7 16. Na2 b5 17. Na5 Qd6 18. Rac1 c5 19. dxc5
Nxc5 20. Qd2 bxa4 21. Nb4 Rd8 22. Nbc6 Rd7 23. Qd4 Rc7 24. e4 fxe4 25. Bxe4
Nxe4 26. Qxe4 Bd7 27. Ne5 Rac8 28. Rxc7 Rxc7 29. Nac4 Qe7 30. Re1 Nf6 31. Qa8+
Bc8 32. Rd1 Kh7 33. Nd6 Qxd6 0-1

[Event "SR 2. liga A 2006/2007"]
[Site "?"]
[Date "2006.11.25"]
[Round "3.8"]
[White "Prikler, Bruno"]
[Black "Bukovcak, Jaroslav"]
[Result "1/2-1/2"]
[WhiteElo "1897"]
[BlackElo "1863"]
[PlyCount "95"]
[EventDate "2006.??.??"]

1. c4 e6 2. Nc3 d5 3. d4 Nf6 4. e3 Be7 5. Nf3 O-O 6. Be2 b6 7. O-O Bb7 8. Bd2
Nbd7 9. Be1 c5 10. Ne5 dxc4 11. Nxc4 cxd4 12. exd4 Ne4 13. Bf3 Nxc3 14. bxc3
Bxf3 15. Qxf3 Qc7 16. Ne3 Nf6 17. c4 Rad8 18. Rd1 Rd7 19. Bc3 Rfd8 20. Rfe1 Qb7
21. Qxb7 Rxb7 22. f3 Rbd7 23. Kf1 Kf8 24. Rd2 g6 25. Red1 Ke8 26. d5 exd5 27.
cxd5 Ng8 28. Be5 Bd6 29. Bxd6 Rxd6 30. Nc4 R6d7 31. d6 f6 32. a4 Kf7 33. g4 g5
34. Rb1 Rb8 35. Rd4 Ne7 36. f4 Nc6 37. Re4 h6 38. Rb5 Re8 39. Rxe8 Kxe8 40. Rf5
Kf7 41. Ne5+ Nxe5 42. fxe5 Ke6 43. Rxf6+ Kxe5 44. Rxh6 Rxd6 45. Rh7 a5 46. Rf7
Rd4 47. Rf5+ Ke6 48. Rxg5 1/2-1/2

[Event "SR 2. liga A 2006/2007"]
[Site "?"]
[Date "2006.11.26"]
[Round "4.1"]
[White "Eged, Igor"]
[Black "Tibensky, Robert"]
[Result "0-1"]
[WhiteElo "2099"]
[BlackElo "2409"]
[PlyCount "89"]
[EventDate "2006.??.??"]
[TimeControl "240+2"]

{284MB, Fritz8.ctg, K48BB} 1. e3 c5 2. d4 Nf6 3. Nf3 g6 4. dxc5 Qa5+ 5. Nbd2
Bg7 6. Nd4 Qxc5 7. N2b3 Qc7 8. c4 a6 9. Be2 O-O 10. O-O Rd8 11. Bd2 Ne4 12. Bb4
d6 13. Rc1 Nc5 14. Bf3 Ra7 15. Qc2 Bd7 16. Nd2 Be8 17. b3 Nbd7 18. Bc3 Nf6 19.
e4 Rc8 20. Qb1 Qb8 21. Ba1 b6 22. Rfe1 h5 23. Rcd1 b5 24. Nc2 Nfd7 25. Bxg7
Kxg7 26. Ne3 Ne5 27. Be2 Bc6 28. Kh1 Qb7 29. f3 h4 30. f4 Ned7 31. Nd5 Nf6 32.
Nxf6 exf6 33. Bf3 Ne6 34. g3 hxg3 35. hxg3 Nd4 36. Kg1 Qb6 37. Kf1 bxc4 38.
bxc4 Qc5 39. Qd3 Nxf3 40. Nxf3 Re7 41. Nd2 Rh8 42. Qe3 Rh1+ 43. Kf2 Rh2+ 44.
Kg1 Qh5 45. Rf1 0-1

[Event "SR 2. liga A 2006/2007"]
[Site "?"]
[Date "????.??.??"]
[Round "4.1"]
[White "Hrivnak, Martin"]
[Black "Lesny, Stefan"]
[Result "1-0"]
[WhiteElo "2219"]
[BlackElo "2103"]
[PlyCount "111"]
[EventDate "2006.??.??"]

1. Nf3 e6 2. g3 d5 3. Bg2 Nf6 4. O-O Be7 5. d4 Nbd7 6. b3 b6 7. a4 Ba6 8. Bb2
O-O 9. Nfd2 Rc8 10. Na3 c6 11. c4 Bd6 12. f4 Ng4 13. Nc2 f5 14. e4 Kh8 15. e5
Be7 16. h3 Nh6 17. Ne3 Qe8 18. Nf3 Qh5 19. Bc3 Nb8 20. Rf2 Bb7 21. Ng5 Qxd1+
22. Rxd1 Bxg5 23. fxg5 Nf7 24. h4 Na6 25. Rdf1 Kg8 26. b4 Nc7 27. c5 b5 28. a5
Rce8 29. Bd2 Nh8 30. Bh3 Ng6 31. Ng2 Bc8 32. h5 Ne7 33. Nh4 a6 34. g6 h6 35.
Bg2 Bd7 36. Bf3 Rd8 37. Be2 Rc8 38. Kg2 Rcd8 39. Be3 Rde8 40. g4 Kh8 41. Bd3
Kg8 42. Kg3 Rd8 43. g5 hxg5 44. Bxg5 Rde8 45. Kf4 Kh8 46. Bxe7 Rxe7 47. Rh2 Ne8
48. Ng2 Rg8 49. Kg5 Bc8 50. h6 Bd7 51. Nf4 Bc8 52. Rfh1 Bd7 53. Nh5 gxh6+ 54.
Kxh6 Rh7+ 55. gxh7 Rg4 56. Be2 1-0